LIBRARY & INFORMATION CENTRE, KCAET, TAVANUR

ONLINE PUBLIC ACCESS CATALOGUE (OPAC)

Steel structures vol-3 / (Record no. 10400)

MARC details
000 -LEADER
fixed length control field 00443cam a2200181ua 4500
041 ## - LANGUAGE CODE
Language code of text/sound track or separate title eng
082 ## - DEWEY DECIMAL CLASSIFICATION NUMBER
Classification number 624.1821
Item number VAZ/ST
100 ## - MAIN ENTRY--AUTHOR NAME
Personal name Vazirami, V N .
245 ## - TITLE STATEMENT
Title Steel structures vol-3 /
260 ## - PUBLICATION, DISTRIBUTION, ETC. (IMPRINT)
Place of publication Delhi :
Name of publisher Khanna publishers ,
Year of publication 1968.
300 ## - PHYSICAL DESCRIPTION
Number of Pages 502 ; .
700 1# - ADDED ENTRY--PERSONAL NAME
Personal name Ratwani, M M .
942 ## - ADDED ENTRY ELEMENTS (KOHA)
Koha item type Books
Holdings
Withdrawn status Lost status Damaged status Home library Current library Date acquired Full call number Accession Number Koha item type
Withdrawn     KAUAET KAUAET 07/04/2012 624.1821 12873 Books
free website counter